• 首页
  • 本馆介绍
  • 公告通知
  • 最新文献
  • 馆藏检索
  • 电子资源
  • 读者导购
  • 参考咨询
  • 我的图书馆
  • 登录
  • 详细信息显示
  • 放入我的书架
  • 预约/预借图书
  • 作者相关作品
  • 分类相关作品
  • 丛书相关作品
  • 出版社相关作品

书目信息

  • 表格格式
  • 工作单格式
  • 卡片格式
题名:
当代世界经济与政治教学案例
    
 
作者: 杜广强 编著 ;大连理工大学 编
分册:  
出版信息: 北京   中国人民大学出版社  2004
页数: 485页
开本: 23cm
丛书名: 高校“两课”案例教学丛书
单 册:
中图分类: F0
科图分类:
主题词: 国际政治--教案(教育)--高等学校--教学参考资料 , 经济--世界--教案(教育)--高等学校--教学参考资料 , 政治经济学
电子资源:
ISBN: 7-300-05928-7
000 01152oam2 2200301 45
001 0900000021148
005 20051213152657.75
010    @a7-300-05928-7@dCNY36.00
092    @aCN
100    @a20050107d2004 ekmy0chiy0120 ea
101 0  @achi
102    @aCN@b110000
105    @ay z 000yy
200 1  @a当代世界经济与政治教学案例@9dang dai shi jie jing ji yu zheng zhi jiao xue an li@f杜广强编著@Fdu guang qiang bian zhu@g大连理工大学编
210    @a北京@c中国人民大学出版社@d2004
215    @a485页@d23cm
225 2  @a高校“两课”案例教学丛书@h第一辑@f洪晓楠,杨惠民总主编
330    @a本书各章均由“教学目的和要求”、“教学提纲”、“教学重点、热点和难点”、“教学案例评析及使用说明”等模块组成。其中筛选和解析了数百个经典教学案例。
410  0 @12001 @a高校“两课”案例教学丛书
606 0  @a国际政治@x教案(教育)@x高等学校@j教学参考资料
606 0  @a经济@y世界@x教案(教育)@x高等学校@j教学参考资料
606 0  @a政治经济学
690    @aF0@v4
701  0 @a杜广强@Adu guang qiang@4编著
712  0 @a大连理工大学@Ada lian li gong da xue@4编
801  0 @aCN@bCXYBOOK@c20051213
905    @a10447@dF0@e190
999    @aHSJ@eJDD
    
    当代世界经济与政治教学案例/杜广强编著/大连理工大学编.-北京:中国人民大学出版社,2004
    485页;23cm.-(高校“两课”案例教学丛书.第一辑/洪晓楠,杨惠民总主编)
    
    
    ISBN 7-300-05928-7:CNY36.00
    本书各章均由“教学目的和要求”、“教学提纲”、“教学重点、热点和难点”、“教学案例评析及使用说明”等模块组成。其中筛选和解析了数百个经典教学案例。
●
相关链接 在E读中查询图书 在五车中查询图书 在当当中查询图书 在豆瓣中查询图书


正题名:当代世界经济与政治教学案例     索取号:F0/190         预约/预借

序号 登录号 条形码 馆藏地/架位号 状态 备注
1 0371371   203713712   第一样本阅览室/ [索取号:F0/190] 在馆    
2 0371372   203713721   第一借阅区/ [索取号:F0/190] 在馆    
3 0371373   203713730   第一借阅区/ [索取号:F0/190] 在馆    
4 0371374   203713749   第一借阅区/ [索取号:F0/190] 在馆    
5 0371375   203713758   第一借阅区/ [索取号:F0/190] 在馆    
6 0371376   203713767   第一借阅区/ [索取号:F0/190] 在馆    
唐山师范学院图书馆 欢迎您!
大连网信软件有限公司© 版权所有